| 000 | 00902nam a2200241Ia 4500 | ||
|---|---|---|---|
| 005 | 20240530104714.0 | ||
| 008 | 140319s1997 xx 000 0 ara d | ||
| 040 |
_aGCL / _cGCL |
||
| 082 | 0 | 4 |
_a923.1 / _bد م |
| 100 | 1 | _aجوسيبى دى لونا | |
| 245 | 1 | 0 |
_aموسولينى / _cتاليف جوسيبى دى لونا ؛ مترجم عادل دمرداش ؛ مقدم لمعى المطيعى |
| 260 |
_aالقاهرة : _bالهيئة المصرية العامة للكتاب، _c1997 |
||
| 300 |
_a163 ص؛ _c20 سم |
||
| 490 |
_aالالف كتاب الثانى _v( 251 ) |
||
| 650 | 0 | 4 | _aالتراجم |
| 650 | 0 | 4 | _aالرجال - تراجم |
| 650 | 0 | 4 | _aايطاليا - تاريخ |
| 650 | 0 | 4 | _aموسولينى |
| 700 | 1 |
_aعادل دمرداش _eمترجم |
|
| 700 | 1 |
_aلمعى المطيعى _eمقدم |
|
| 942 |
_2ddc _cBK |
||
| 999 |
_c50020 _d50020 |
||